000 00854nam a22001817a 4500
003 OSt
005 20251217061800.0
008 251125b |||||||| |||| 00| 0 eng d
040 _aDWC-Main lib
_cOC
082 _aSC. 910.4 T55 2001
245 _aTo islands far away:
_bthe story of the thomasites and their journey to the philippines
260 _aManila :
_bPublic Affairs Section, U.S. Embassy,
_c2001
300 _axii, 76 pages, [1] leaf of plates :
_b illustration ;
_c 26 cm.
504 _a"A special Thomasites centennial project publication of the Public Affairs Section, U.S. Embassy, Manila, to commemorate the August 1901 arrival in the Philippines of the Thomasites."
650 _2Thomasites--Philippines.
650 _2Thomasites--Education--Philippines.
942 _2ddc
_cSC
_hSC. 910.4 T55 2001
_kSC.
_n0
999 _c6204
_d6204